000
00288nam a2200109Ia 4500
008
230907s9999||||xx |||||||||||||| ||und||
082
_a
923.5
_b
SHA
245
0
_a
شہاب نامہ ، Shahab nama /
260
_a
Sang-E-Meel Publications,
_b
Lahore :
_c
2015
300
_a
842 p.
942
_c
BK
999
_c
601177
_d
601177